|
|
|
|
| LEADER |
00982ncm a22002412a 4500 |
| 001 |
000549609 |
| 003 |
CZ BrMZK |
| 005 |
20120301143216.0 |
| 007 |
qu |
| 008 |
000105s1956 xr f zxx d |
| 040 |
|
|
|a BOA001
|b cze
|
| 072 |
|
7 |
|a 786
|x Hudba pro klávesové nástroje
|2 Konspekt
|9 9
|
| 245 |
0 |
0 |
|a Česká varhanní tvorba.
|n 2
|h [hudebnina] /
|c vybral a revidoval Jiří Reinberger ; předmluvu napsal Čeněk Gardavský
|
| 250 |
|
|
|a 1. vyd. SNKLHU
|
| 260 |
|
|
|a Praha :
|b Státní nakladatelství krásné literatury, hudby a umění,
|c 1956
|
| 300 |
|
|
|a 97 s.
|
| 700 |
1 |
|
|a Reinberger, Jiří,
|d 1914-1977
|7 jk01102207
|4 edt
|4 com
|
| 700 |
1 |
|
|a Gardavský, Čeněk,
|d 1910-
|7 jk01032318
|4 wfw
|
| 910 |
|
|
|a BOA001
|b Mus4-0330.840,2
|
| 990 |
|
|
|a MU
|
| 991 |
|
|
|b 201202
|
| 996 |
7 |
|
|b 2619731297
|c Mus4-0330.840,2
|l MZK
|r Sklad / do 1 hodiny
|n 5
|w 000549609
|u 000010
|a 1
|e BOA001
|j MZK50
|s A
|
| 996 |
6 |
|
|b 2619731374
|c Mus4-0330.840,2
|l MZK
|r Sklad / do 1 hodiny
|n 2
|w 000549609
|u 000020
|a 1
|e BOA001
|j MZK50
|s P
|